Geography Quiz

Random Geography or Blitz Quiz

60 Second Blitz: 'L' Countries Quiz Stats

Quiz Updated Jan 30, 2015

Challenge
Share
Tweet
Embed
Score 0/9 Timer 01:00
4 Plays Today
Country % Correct
Lithuania
85%
Latvia
83.3%
Laos
82.1%
Liberia
71.2%
Luxembourg
71%
Libya
70.5%
Liechtenstein
65.8%
Lesotho
62%
Lebanon
58.7%

You're not logged in!

Compare scores with friends on all Sporcle quizzes.
Join for Free
OR
Log In

You Might Also Like...

Show Comments

Extras

Top Quizzes Today


Score Distribution

Your Account Isn't Verified!

In order to create a playlist on Sporcle, you need to verify the email address you used during registration. Go to your Sporcle Settings to finish the process.

Report this User

Report this user for behavior that violates our Community Guidelines.

Details: